[Event "Sparkassen Open 2018"]
[Site "Heusenstamm"]
[Date "2018.11.24"]
[Round "5"]
[White "Henrich, Thomas"]
[Black "Gutman, Lev"]
[Result "1/2-1/2"]
[WhiteElo "2207"]
[BlackElo "2434"]
[Annotator "TA"]
[PlyCount "149"]
[EventDate "2018.11.22"]
[EventType "swiss"]
[EventCountry "GER"]
[SourceTitle "playchess.com"]
[Source "ChessBase"]
[SourceQuality "1"]

{[%evp 20,149,73,35,53,39,47,-50,-38,-31,0,-71,-78,-59,-49,-122,-121,-188,-108,-193,-190,-200,-185,-187,-203,-182,-125,-149,-68,-68,-65,-76,-60,-273,-111,-142,-132,-133,-140,-180,-118,-101,-41,-61,-45,-287,0,-284,-281,-290,-268,-237,-118,-114,375,-211,-169,-174,-152,-151,-155,-145,-60,-58,-51,-59,-53,-194,-207,-394,-394,-349,-206,-210,-141,-141,-141,-197,-146,-148,-166,-286,-290,-299,-295,-221,0,0,0,0,0,-60,-68,-92,0,0,6,0,8,-8,-8,-8,10,8,8,24,49,9,11,-8,-8,-8,0,-156,-8,-8,0,0,0,0,8,8,8,8,8,0,0,0,0,0,0,-8]} 1. e4 c5 2. Nf3 d6 3. d4 cxd4 4. Nxd4 Nf6 5. Nc3 Nc6 6. Bg5 Qb6 7. Nb3 e6 8. Qd2 a6 9. O-O-O Qc7 {B66: Sicilian: Richter-Rauzer: 7...a6 8 0-0-0 h6} (9... Be7 10. f3 Qc7 11. Kb1 b5 12. Bxf6 gxf6 13. Qh6 Bd7 14. Ne2 O-O-O 15. Qh5 Rhf8 16. f4 Kb8 17. g3 Rc8 {1-0 (61) Li,C (2732)-Stremavicius,T (2451) chess.com INT 2018}) 10. f3 Bd7 11. Kb1 {LiveBook: 8 Games} Rb8 {White is slightly better.} 12. Bf4 $146 {[%cal Rf4d6]} ({Predecessor:} 12. g4 b5 13. Bxf6 gxf6 14. f4 h5 15. gxh5 Bh6 16. Qf2 b4 17. Ne2 {0-1 (65) Kreiman,B (2497)-Ehlvest,J (2600) New York 2003}) 12... Ne5 13. Be2 (13. Bg3 $14) 13... b5 $15 14. a3 Be7 15. Na2 (15. Bxe5 $11 {remains equal.} dxe5 16. Na2) 15... Nc4 $1 $17 {[%cal Rc4d2]} 16. Qc3 O-O 17. Bxc4 ({White should play} 17. Nd2 $15) 17... bxc4 18. Nb4 (18. Rhe1 $17 {was necessary.}) 18... Rbc8 (18... Rb5 $19 19. Ka1 a5) 19. e5 (19. Nc1 $17) 19... dxe5 $1 $19 (19... cxb3 20. Qxc7 Rxc7 21. exd6 $11) 20. Bxe5 Qb7 $1 21. Nc1 a5 22. Nba2 Nd5 (22... Rc5 $19 23. Rhe1 Rfc8) 23. Rxd5 $17 Qxd5 (23... exd5 $17 24. Bxg7 Rfe8) 24. Bxg7 $15 Rfd8 25. Re1 Ba4 26. Bh8 $2 {[#]} (26. Bh6 $15 f6 27. Qe3) 26... Qg5 (26... Bxc2+ $1 $19 {[%mdl 512]} 27. Qxc2 (27. Kxc2 f6) 27... Kxh8) 27. f4 Qh6 28. Be5 f6 29. Qg3+ Kf7 (29... Qg6 $19 30. Qxg6+ hxg6) 30. Bc3 $17 Rd5 (30... Qg6 $17 31. Qxg6+ hxg6 32. Bxa5 Rh8) 31. Qe3 Rc6 32. Bd4 $2 {[#]} (32. g4 $15) 32... Rcd6 $2 (32... Qxh2 33. Ne2 $16) (32... Bxc2+ $1 $19 {[%mdl 512]} 33. Kxc2 Qg6+ {[%mdl 64] Double Attack} 34. Qe4 Rxd4 35. Qxg6+ hxg6) 33. Bc5 $2 {[%mdl 8192] [#]} (33. Ne2 $1 $11) 33... Bxc2+ $1 {[%mdl 512]} 34. Ka1 {[#]} (34. Kxc2 Rxc5) 34... Rxc5 $1 {[%mdl 512]} 35. Qxc5 Rd1 ({Resist} 35... Qxh2 36. Qf2) (35... Qxf4 $19 {has better winning chances.} 36. Qxa5 Rd2) 36. Qxa5 {Rxd1 would now be nice for White.} Qxf4 $2 {[%mdl 8192]} (36... Rxe1 $17 {and life is bright.} 37. Qxe1 Qxf4) 37. g3 $4 {[%mdl 8192]} (37. Qh5+ $18 {was the only winning move.} Kf8 38. Rxd1 Bxd1 39. Qxd1) 37... Qd4 38. Qh5+ Kg7 39. Rxd1 Bxd1 40. Qa5 e5 (40... h5 $17 41. Qc3 Qe4) 41. Qc7 $15 Kf7 42. Nc3 Bf3 43. Nb5 (43. a4 $15) 43... Qc5 $19 44. a4 $2 (44. Qxc5 Bxc5 45. a4) 44... Qxc7 45. Nxc7 {[%mdl 4096] Endgame KBB-KNN} Bb4 (45... f5 $142 46. b3 Ba3) 46. Na2 Ba5 47. Nb5 {intending Nd6+.} Ke6 48. Kb1 (48. Nac3 $17) 48... e4 ({Better is} 48... Kd5 $19 49. Nac3+ Kc5) 49. Kc2 Ke5 $1 50. Nac3 {[#]} (50. Nc1 $142) 50... e3 $1 51. Kc1 f5 52. Na3 Kd4 $2 ({Black should try} 52... Bxc3 $19 53. bxc3 Ke4) 53. Nc2+ $11 Kc5 54. Nxe3 f4 55. Nf1 (55. gxf4 $11 Bc7 56. f5) 55... Bg2 $15 56. Nd2 Kd4 (56... f3 $17 57. Nde4+ Kd4) 57. gxf4 $11 Kd3 $1 58. f5 {[%cal Bf4f5,Bf5f6,Bf6f7][%mdl 32]} Bc7 59. f6 {f7 is the strong threat.} Bf4 60. Ncb1 Bxh2 61. f7 Bd6 62. Nc3 h5 63. Kd1 {And now Ne2 would win.} h4 64. Ke1 h3 {( -> ...h2)} 65. Nf1 Kc2 66. Nb5 $2 {[#]} (66. Ne3+ $11 Kxb2 67. Nxc4+ Kxc3 68. Nxd6) 66... Bb4+ (66... Bc5 $1 $17 67. Ne3+ Kd3) 67. Kf2 $132 {[%mdl 2048] aiming for Ne3+.The position is equal. White is not holding back} Kxb2 {Strongly threatening ...c3.} 68. Ne3 $1 {[%csl LRc4,LRg2][%mdl 64] Double Attack} Bc5 69. Kg3 Kb3 70. Nxg2 hxg2 71. Kxg2 {Threatens to win with a5.} Kxa4 72. Nc3+ Kb3 73. Ne4 Bf8 74. Nd2+ Kc3 75. Nxc4 {Accuracy: White = 37%, Black = 37%.} 1/2-1/2

[Event "Sparkassen Open 2018"]
[Site "Heusenstamm"]
[Date "2018.11.24"]
[Round "5"]
[White "Mesias Rojas, Rabindranath"]
[Black "Fruebing, Stefan"]
[Result "0-1"]
[WhiteElo "2205"]
[BlackElo "2406"]
[Annotator "TA"]
[PlyCount "90"]
[EventDate "2018.11.22"]
[EventType "swiss"]
[EventCountry "GER"]
[SourceTitle "playchess.com"]
[Source "ChessBase"]
[SourceQuality "1"]

{[%evp 9,90,0,-10,0,0,0,20,22,26,40,36,32,72,19,21,23,21,20,22,17,15,20,45,41,51,27,45,45,102,91,94,0,0,-12,-8,-7,0,-19,-12,-17,22,-11,0,0,-5,-7,0,0,0,0,13,-28,-28,-28,-28,-30,-32,-104,-95,-107,-63,-67,-58,-66,-58,-66,-56,-65,-65,-59,-55,-59,-48,-58,-55,-67,-62,-63,-73,-68,-72,-775,-774]} 1. d4 d5 2. Nc3 Nf6 3. Bf4 c5 4. e3 cxd4 5. exd4 a6 6. Nf3 {B13: Caro-Kann: Exchange Variation and Panov-Botvinnik Attack} (6. Bd3 Nc6 7. Nge2 Bg4 8. f3 Bh5 9. h4 Bg6 10. g4 e6 11. h5 Bxd3 12. Qxd3 h6 13. O-O-O {0-1 (50) Jobava,B (2646)-Nisipeanu,L (2657) Spilimbergo 2018}) 6... Nc6 7. Ne5 Qb6 (7... Bd7 {seems wilder.} 8. g3 e6 9. Bg2 Qb6 10. Nxd7 Nxd7 11. Ne2 Qxb2 12. O-O Be7) 8. Nxc6 {The position is equal.} bxc6 9. Na4 $146 ({Predecessor:} 9. Rb1 Bg4 10. Qd2 e6 11. a3 Be7 12. b4 O-O 13. Rb3 Ne4 14. Qe3 {1-0 (49) Shelushpanov,N (1462)-Zverev,V (1622) Kolomna 2015}) 9... Qa7 10. c3 (10. Be2 {is interesting.} Bf5 11. Bf3 e6 12. O-O Be7 13. c4) 10... Bf5 11. Bd3 (11. Nc5 $16) 11... Bxd3 $11 12. Qxd3 e6 13. O-O Be7 14. Rae1 {[%cal Ba1e1,Be1e3,Be3h3][%mdl 32]} O-O 15. Re3 Qb7 16. Rh3 Qb5 17. Qc2 Ra7 18. b3 Rb7 ({Black should try} 18... Re8 $14) 19. Be5 {Threatens to win with Bxf6.} Ne4 20. f3 (20. Re1 $16) 20... Ng5 21. Rg3 {And now Bxg7! would win.} f6 22. Bf4 c5 23. Re1 cxd4 24. cxd4 Qb4 {[%cal Rb4e1]} (24... Bb4 {is more complex.} 25. Rc1 Nf7 26. Nc5 Re7 27. Rh3 g6) 25. Qd2 (25. Rd1 {feels hotter.} Bd6 26. Bxd6 Qxd6 27. Nc5 Rc7 28. Qd2) 25... Qxd2 26. Bxd2 Bd6 27. Rg4 h5 $36 {[%mdl 2048] Black has the initiative.} 28. Rh4 g6 29. Nc5 Re7 30. f4 Ne4 31. Nxe4 dxe4 32. Rxe4 Rc8 33. f5 (33. Rh3 $15) 33... Rc2 $17 34. Be1 gxf5 35. Re3 Rg7 36. g3 f4 37. Rxe6 {[%mdl 64] [#] Double Attack} fxg3 38. Bxg3 Bxg3 39. hxg3 Rxg3+ $15 {[%mdl 4096] Endgame KRR-KRR} 40. Kf1 Rf3+ 41. Kg1 Rxa2 {White must now prevent ...Kf7.} 42. Rxh5 Kf7 43. Rb6 Rg3+ 44. Kf1 Rd3 {[%cal Rd3d1]} 45. Ke1 $2 {[%mdl 8192] [#]} (45. Rh7+ $17 Kg6 46. Re7) 45... Rc3 $1 {Accuracy: White = 48%, Black = 62%.} 0-1

[Event "Sparkassen Open 2018"]
[Site "Heusenstamm"]
[Date "2018.11.24"]
[Round "5"]
[White "Bethke, Richard"]
[Black "Hacker, Jonas"]
[Result "0-1"]
[WhiteElo "2192"]
[BlackElo "2350"]
[Annotator "NA"]
[PlyCount "56"]
[EventDate "2018.11.22"]
[EventType "swiss"]
[EventCountry "GER"]
[SourceTitle "playchess.com"]
[Source "ChessBase"]
[SourceQuality "1"]
[TimeControl "40/5400+30:1800+30"]

1. e4 {[%emt 0:00:00]} e5 {[%emt 0:00:00]} 2. Nf3 {[%emt 0:00:00]} Nc6 {[%emt 0:00:00]} 3. Bc4 {[%emt 0:00:00]} Nf6 {[%emt 0:00:00]} 4. d3 {[%emt 0:00:00]} Bc5 {[%emt 0:00:18]} 5. O-O {[%emt 0:00:02]} d6 {[%emt 0:00:41]} 6. a4 {[%emt 0:01:04]} a6 {[%emt 0:00:20]} 7. Re1 {[%emt 0:02:55]} O-O {[%emt 0:11:06]} 8. Bg5 {[%emt 0:00:46]} h6 {[%emt 0:04:51]} 9. Bh4 {[%emt 0:00:16]} Bg4 {[%emt 0:04:51]} 10. c3 {[%emt 0:02:41]} g5 {[%emt 0:03:07]} 11. Bg3 {[%emt 0:00:05]} Nh5 {[%emt 0:05:30]} 12. Bd5 {[%emt 0:10:29]} Qf6 {[%emt 0:04:14]} 13. Nbd2 {[%emt 0:01:35]} Nd8 {[%emt 0:07:42]} 14. Qc2 {[%emt 0:04:16]} c6 {[%emt 0:02:27]} 15. Ba2 {[%emt 0:00:49]} Ba7 {[%emt 0:02:57]} 16. d4 {[%emt 0:03:06]} Nxg3 {[%emt 0:09:40]} 17. dxe5 {[%emt 0:00:37]} dxe5 {[%emt 0:04:10]} 18. hxg3 {[%emt 0:00:11]} Ne6 {[%emt 0:01:54]} 19. Bc4 {[%emt 0:05:37]} Rad8 {[%emt 0:03:14]} 20. Be2 {[%emt 0:01:43]} h5 {[%emt 0:03:31]} 21. b4 {[%emt 0:20:57]} Bxf3 {[%emt 0:06:02]} 22. gxf3 {[%emt 0:00:54]} g4 {[%emt 0:00:14]} 23. Rf1 {[%emt 0:08:16]} Qg5 {[%emt 0:03:39]} 24. Rad1 {[%emt 0:11:07]} h4 {[%emt 0:01:51]} 25. Kg2 {[%emt 0:11:39]} hxg3 {[%emt 0:05:25]} 26. fxg3 {[%emt 0:01:04]} gxf3+ {[%emt 0:03:05]} 27. Rxf3 {[%emt 0:02:38]} Nf4+ {[%emt 0:00:59]} 28. Kf1 {[%emt 0:01:08]} Qh5 {[%emt 0:00:52]} 0-1

[Event "Sparkassen Open 2018"]
[Site "Heusenstamm"]
[Date "2018.11.24"]
[Round "5"]
[White "Adocchio, Giampiero"]
[Black "Paszewski, Mateusz"]
[Result "0-1"]
[WhiteElo "2171"]
[BlackElo "2346"]
[Annotator "NA"]
[PlyCount "84"]
[EventDate "2018.11.22"]
[EventType "swiss"]
[EventCountry "GER"]
[SourceTitle "playchess.com"]
[Source "ChessBase"]
[SourceQuality "1"]
[TimeControl "40/5400+30:1800+30"]

1. e4 {[%emt 0:00:00]} c5 {[%emt 0:00:00]} 2. Nf3 {[%emt 0:00:00]} d6 {[%emt 0:00:00]} 3. d4 {[%emt 0:00:00]} cxd4 {[%emt 0:00:00]} 4. Nxd4 {[%emt 0:00:00]} Nf6 {[%emt 0:00:00]} 5. Nc3 {[%emt 0:00:00]} g6 {[%emt 0:00:00]} 6. Be3 {[%emt 0:00:05]} Bg7 {[%emt 0:01:24]} 7. f3 {[%emt 0:00:05]} O-O {[%emt 0:00:23]} 8. Qd2 {[%emt 0:00:04]} Nc6 {[%emt 0:00:04]} 9. O-O-O {[%emt 0:00:06]} d5 {[%emt 0:00:24]} 10. Qe1 {[%emt 0:00:13]} e5 {[%emt 0:00:09]} 11. Nxc6 {[%emt 0:00:06]} bxc6 {[%emt 0:00:03]} 12. exd5 {[%emt 0:00:21]} Nxd5 {[%emt 0:00:02]} 13. Bc4 {[%emt 0:00:19]} Be6 {[%emt 0:01:30]} 14. Kb1 {[%emt 0:00:52]} a5 {[%emt 0:03:01]} 15. a4 {[%emt 0:20:56]} Rb8 {[%emt 0:06:51]} 16. Ne4 {[%emt 0:01:06]} Qc7 {[%emt 0:13:55]} 17. Bc5 {[%emt 0:01:03]} Rfd8 {[%emt 0:03:44]} 18. Bb3 {[%emt 0:01:58]} f5 {[%emt 0:05:16]} 19. Ng5 {[%emt 0:02:20]} Bc8 {[%emt 0:00:49]} 20. h4 {[%emt 0:18:12]} h6 {[%emt 0:09:42]} 21. Nh3 {[%emt 0:00:06]} Be6 {[%emt 0:00:49]} 22. Nf2 {[%emt 0:02:36]} Nf4 {[%emt 0:09:47]} 23. Rxd8+ {[%emt 0:01:19]} Qxd8 {[%emt 0:00:54]} 24. Bxe6+ {[%emt 0:02:29]} Nxe6 {[%emt 0:01:00]} 25. Ba3 {[%emt 0:04:34]} Qd4 {[%emt 0:01:18]} 26. Qd1 {[%emt 0:04:33]} e4 {[%emt 0:08:44]} 27. Qxd4 {[%emt 0:02:16]} Bxd4 {[%emt 0:00:02]} 28. Nd1 {[%emt 0:02:09]} e3 {[%emt 0:07:59]} 29. c3 {[%emt 0:00:47]} Bb6 {[%emt 0:01:04]} 30. Re1 {[%emt 0:02:26]} f4 {[%emt 0:00:25]} 31. g3 {[%emt 0:00:49]} g5 {[%emt 0:04:57]} 32. hxg5 {[%emt 0:00:19]} hxg5 {[%emt 0:00:18]} 33. gxf4 {[%emt 0:00:06]} gxf4 {[%emt 0:00:02]} 34. Be7 {[%emt 0:04:12]} Kf7 {[%emt 0:03:15]} 35. Bd6 {[%emt 0:01:27]} Rd8 {[%emt 0:00:41]} 36. Bxf4 {[%emt 0:00:06]} Rxd1+ {[%emt 0:09:01]} 37. Rxd1 {[%emt 0:00:05]} Nxf4 {[%emt 0:00:07]} 38. Kc2 {[%emt 0:00:21]} e2 {[%emt 0:00:07]} 39. Rh1 {[%emt 0:00:22]} Bf2 {[%emt 0:00:17]} 40. Kd2 {[%emt 0:00:05]} e1=Q+ {[%emt 0:00:08]} 41. Rxe1 {[%emt 0:30:04]} Bxe1+ {[%emt 0:30:04]} 42. Kxe1 {[%emt 0:00:06]} Nd3+ {[%emt 0:00:03]} 0-1

[Event "Sparkassen Open 2018"]
[Site "Heusenstamm"]
[Date "2018.11.25"]
[Round "6"]
[White "Sumets, Andrey"]
[Black "Golubka, Petro"]
[Result "1/2-1/2"]
[WhiteElo "2580"]
[BlackElo "2461"]
[Annotator "TA"]
[PlyCount "45"]
[EventDate "2018.11.22"]
[EventType "swiss"]
[EventCountry "GER"]
[SourceTitle "playchess.com"]
[Source "ChessBase"]
[SourceQuality "1"]

{[%evp 26,45,0,0,3,0,0,0,0,-20,0,-10,-4,-4,-7,-10,-7,-12,-6,-8,-9,-16]} 1. d4 d5 2. c4 c6 3. Nc3 Nf6 4. cxd5 cxd5 5. Bf4 Nc6 6. Nf3 Ne4 7. e3 Nxc3 8. bxc3 g6 9. Ne5 Qa5 10. Qb3 Bg7 11. Bb5 {D13: Slav Defence: Exchange variation without ...Bf5} Bxe5 12. Bxe5 O-O 13. Bxc6 bxc6 14. O-O {LiveBook: 3 Games. The position is equal.} Ba6 {Hoping for ...f6.} 15. Rfe1 $146 ({Predecessor:} 15. Rfb1 Rac8 16. Qb4 Qxb4 17. Rxb4 Bb5 18. Rb3 Rfd8 {½-½ (33) Zoler,D (2465)-Alterman,B (2595) Israel 1997}) 15... Rad8 16. e4 Rd7 17. Qc2 Bc4 18. h4 f6 19. Bf4 dxe4 $1 20. Qxe4 Qd5 21. Qc2 Rc8 22. Qa4 Qb5 23. Qd1 {Accuracy: White = 68%, Black = 82%.} 1/2-1/2

[Event "Sparkassen Open 2018"]
[Site "Heusenstamm"]
[Date "2018.11.25"]
[Round "6"]
[White "Noe, Christopher"]
[Black "Hirneise, Jens"]
[Result "1-0"]
[WhiteElo "2529"]
[BlackElo "2370"]
[Annotator "ChessBase"]
[PlyCount "83"]
[EventDate "2018.11.22"]
[EventType "swiss"]
[EventCountry "GER"]
[SourceTitle "playchess.com"]
[Source "ChessBase"]
[SourceQuality "1"]
[TimeControl "40/5400+30:1800+30"]

1. d4 {[%emt 0:00:00]} Nf6 {[%emt 0:00:00]} 2. c4 {[%emt 0:00:00]} g6 {[%emt 0:00:00]} 3. Nc3 {[%emt 0:00:00]} Bg7 {[%emt 0:00:00]} 4. e4 {[%emt 0:00:00]} d6 {[%emt 0:00:00]} 5. Nf3 {[%emt 0:00:00]} O-O {[%emt 0:00:11]} 6. Be2 {[%emt 0:00:00]} e5 {[%emt 0:00:06]} 7. O-O {[%emt 0:00:01]} exd4 {[%emt 0:00:34]} 8. Nxd4 {[%emt 0:00:07]} Re8 {[%emt 0:00:06]} 9. f3 {[%emt 0:00:55]} Nc6 {[%emt 0:00:05]} 10. Be3 {[%emt 0:01:01]} Nh5 {[%emt 0:00:13]} 11. Qd2 {[%emt 0:15:18]} Nf4 {[%emt 0:00:41]} 12. Nxc6 {[%emt 0:01:19]} Nxe2+ {[%emt 0:00:21]} 13. Nxe2 {[%emt 0:00:21]} bxc6 {[%emt 0:00:06]} 14. Bd4 {[%emt 0:00:18]} Bxd4+ {[%emt 0:04:55]} 15. Nxd4 {[%emt 0:05:52]} c5 {[%emt 0:02:14]} 16. Nb5 {[%emt 0:02:06]} Bd7 {[%emt 0:10:38]} 17. Nc3 {[%emt 0:18:08]} Bc6 {[%emt 0:02:59]} 18. Rab1 {[%emt 0:01:11]} Qd7 {[%emt 0:01:10]} 19. b4 {[%emt 0:01:37]} cxb4 {[%emt 0:01:26]} 20. Rxb4 {[%emt 0:00:08]} Reb8 {[%emt 0:05:15]} 21. Rxb8+ {[%emt 0:03:41]} Rxb8 {[%emt 0:00:02]} 22. Qd4 {[%emt 0:02:10]} Rb6 {[%emt 0:15:28]} 23. c5 {[%emt 0:07:02]} dxc5 {[%emt 0:01:43]} 24. Qxc5 {[%emt 0:00:54]} Qd6 {[%emt 0:02:34]} 25. Qe3 {[%emt 0:04:19]} Qa3 {[%emt 0:07:36]} 26. Rd1 {[%emt 0:03:42]} Rb8 {[%emt 0:00:16]} 27. Qd4 {[%emt 0:01:27]} Qa6 {[%emt 0:07:41]} 28. Qf6 {[%emt 0:04:49]} Qb6+ {[%emt 0:06:28]} 29. Kh1 {[%emt 0:00:06]} Qc5 {[%emt 0:11:17]} 30. h3 {[%emt 0:06:50]} a5 {[%emt 0:00:41]} 31. Kh2 {[%emt 0:01:17]} Re8 {[%emt 0:02:33]} 32. Ne2 {[%emt 0:09:27]} Ba4 {[%emt 0:08:17]} 33. Rd5 {[%emt 0:05:20]} Qb6 {[%emt 0:02:14]} 34. Qc3 {[%emt 0:00:05]} Ra8 {[%emt 0:01:36]} 35. Nf4 {[%emt 0:04:05]} Be8 {[%emt 0:02:13]} 36. h4 {[%emt 0:02:27]} Qc6 {[%emt 0:02:25]} 37. Qd4 {[%emt 0:01:24]} Qa4 {[%emt 0:01:36]} 38. Qe5 {[%emt 0:00:52]} Qc6 {[%emt 0:02:21]} 39. h5 {[%emt 0:00:29]} f6 {[%emt 0:00:56]} 40. Qe7 {[%emt 0:00:14]} Bf7 {[%emt 0:00:31]} 41. Rd7 {[%emt 0:30:50]} Qc4 {[%emt 0:04:02]} 42. Nd5 {[%emt 0:00:00]} 1-0

[Event "Sparkassen Open 2018"]
[Site "Heusenstamm"]
[Date "2018.11.25"]
[Round "6"]
[White "Pap, Misa"]
[Black "Nikolov, Momchil"]
[Result "1/2-1/2"]
[WhiteElo "2473"]
[BlackElo "2560"]
[Annotator "TA"]
[PlyCount "104"]
[EventDate "2018.11.22"]
[EventType "swiss"]
[EventCountry "GER"]
[SourceTitle "playchess.com"]
[Source "ChessBase"]
[SourceQuality "1"]

{[%evp 31,104,7,18,17,16,0,0,0,0,8,9,0,0,0,0,0,0,0,0,6,4,6,10,0,0,0,0,0,0,0,12,12,1,10,10,13,16,11,20,11,6,2,3,0,7,6,9,0,0,0,0,0,0,0,0,0,0,0,0,0,0,0,0,0,0,0,0,0,0,0,0,0,0,0,0]} 1. e4 e5 2. Nf3 Nc6 3. Bb5 a6 4. Ba4 Nf6 5. O-O Be7 6. Re1 b5 7. Bb3 d6 8. c3 O-O 9. d4 {[%cal Bd2d4,Bd4d5][%mdl 32]} Bg4 10. d5 Na5 11. Bc2 c6 12. h3 Bc8 13. dxc6 Qc7 14. Nbd2 {[%cal Bb1d2,Bd2f1,Bf1e3,Be3d5][%mdl 32]} Qxc6 15. Nf1 Nc4 16. a4 {C91: Closed Ruy Lopez: 7...d6 8 c3 0-0 9 d4} (16. Ng3 Re8 17. a4 Nb6 18. axb5 axb5 19. Rxa8 Nxa8 20. Nf5 Bf8 21. Bg5 Nd7 22. Bb3 Nab6 23. N3d4 exd4 24. Bxf7+ Kxf7 25. Qh5+ Kg8 26. Qxe8 {1-0 (26) Andreikin,D (2702)-Tari,A (2615) Helsingor 2018}) 16... Bd7 {LiveBook: 3 Games. The position is equal.} 17. b3 Na5 $1 {[%cal Bc4a5,Ba5b7,Bb7d8,Bd8e6,Be6c7][%mdl 32]} 18. axb5 $146 ({Predecessor:} 18. Bd2 Qc7 19. axb5 axb5 20. Ne3 g6 21. Qe2 Rfe8 22. b4 Nc4 23. Nxc4 bxc4 {1-0 (42) Sakelsek,T (2479)-Lilov,V (2323) Istanbul 2007}) 18... axb5 19. Bd2 Rfc8 20. Ne3 Nb7 21. Rxa8 Rxa8 22. b4 Nd8 23. Qb1 Ne6 24. Nd5 Bd8 25. Bb3 {Threatening Nxf6+.} Nc7 {[%cal Rf6d5]} 26. Ng5 {Black must now prevent Nxf7!} Be8 $1 27. Nxf6+ Bxf6 28. Qd3 Ra3 29. Rb1 Be7 30. Bc1 Ra6 31. c4 h6 32. Nf3 Qb7 33. Be3 bxc4 34. Bxc4 Nb5 35. Bd5 Bc6 36. Bxc6 Rxc6 37. Rc1 Rxc1+ 38. Bxc1 Qc6 39. Bb2 Bg5 40. g3 Bc1 41. Bxc1 Qxc1+ 42. Kg2 Qc6 43. Nd2 f5 44. f3 fxe4 45. fxe4 Kh7 46. h4 Qc1 47. Qxb5 Qxd2+ $11 {KQ-KQ} 48. Kf3 Qd1+ 49. Kf2 Qd2+ 50. Kf3 Qc3+ 51. Kg2 Qc2+ 52. Kf3 Qc3+ {Accuracy: White = 80%, Black = 91%.} 1/2-1/2

[Event "Sparkassen Open 2018"]
[Site "Heusenstamm"]
[Date "2018.11.25"]
[Round "6"]
[White "Barski, Radoslaw"]
[Black "Gschnitzer, Adrian"]
[Result "1-0"]
[WhiteElo "2459"]
[BlackElo "2365"]
[Annotator "RC"]
[PlyCount "79"]
[EventDate "2018.11.22"]
[EventType "swiss"]
[EventCountry "GER"]
[SourceTitle "playchess.com"]
[Source "ChessBase"]
[SourceQuality "1"]
[TimeControl "40/5400+30:1800+30"]

1. e4 {[%emt 0:00:00]} c5 {[%emt 0:00:00]} 2. Nf3 {[%emt 0:00:00]} Nc6 {[%emt 0:00:00]} 3. Bb5 {[%emt 0:00:02]} g6 {[%emt 0:00:00]} 4. Bxc6 {[%emt 0:00:18]} bxc6 {[%emt 0:00:00]} 5. d4 {[%emt 0:00:25]} Ba6 {[%emt 0:00:15]} 6. dxc5 {[%emt 0:00:44]} Bg7 {[%emt 0:01:06]} 7. Nbd2 {[%emt 0:00:57]} Qa5 {[%emt 0:02:59]} 8. Rb1 {[%emt 0:00:37]} Qxc5 {[%emt 0:16:14]} 9. b4 {[%emt 0:00:21]} Qb6 {[%emt 0:04:40]} 10. c4 {[%emt 0:01:21]} d6 {[%emt 0:02:31]} 11. O-O {[%emt 0:02:44]} Nf6 {[%emt 0:00:36]} 12. Bb2 {[%emt 0:09:37]} O-O {[%emt 0:00:59]} 13. a4 {[%emt 0:04:29]} c5 {[%emt 0:04:17]} 14. b5 {[%emt 0:02:29]} Bb7 {[%emt 0:01:03]} 15. Qc2 {[%emt 0:00:05]} Rfd8 {[%emt 0:01:43]} 16. Rfe1 {[%emt 0:03:54]} Nh5 {[%emt 0:06:38]} 17. Bxg7 {[%emt 0:17:19]} Nxg7 {[%emt 0:01:03]} 18. Nf1 {[%emt 0:01:44]} e5 {[%emt 0:19:54]} 19. Qd2 {[%emt 0:08:23]} Qc7 {[%emt 0:08:35]} 20. a5 {[%emt 0:05:41]} f5 {[%emt 0:00:20]} 21. Ng5 {[%emt 0:08:02]} h6 {[%emt 0:01:18]} 22. a6 {[%emt 0:02:35]} hxg5 {[%emt 0:00:26]} 23. axb7 {[%emt 0:00:10]} Qxb7 {[%emt 0:00:11]} 24. Qxg5 {[%emt 0:01:07]} Kf7 {[%emt 0:01:13]} 25. exf5 {[%emt 0:04:24]} Nxf5 {[%emt 0:00:58]} 26. Ne3 {[%emt 0:03:57]} Qe7 {[%emt 0:00:05]} 27. Qg4 {[%emt 0:00:12]} Qe6 {[%emt 0:06:08]} 28. Nd5 {[%emt 0:03:07]} Rd7 {[%emt 0:01:33]} 29. Qf3 {[%emt 0:05:48]} Kg7 {[%emt 0:04:18]} 30. b6 {[%emt 0:07:20]} Rb8 {[%emt 0:03:37]} 31. Nc7 {[%emt 0:01:00]} Qxc4 {[%emt 0:00:08]} 32. bxa7 {[%emt 0:00:50]} Rxb1 {[%emt 0:00:08]} 33. Rxb1 {[%emt 0:00:34]} Nd4 {[%emt 0:05:03]} 34. Ne8+ {[%emt 0:03:53]} Kg8 {[%emt 0:00:41]} 35. Nf6+ {[%emt 0:00:35]} Kg7 {[%emt 0:00:02]} 36. Ne8+ {[%emt 0:00:56]} Kg8 {[%emt 0:00:01]} 37. a8=Q {[%emt 0:00:09]} Nxf3+ {[%emt 0:00:56]} 38. Qxf3 {[%emt 0:00:04]} Qc2 {[%emt 0:01:29]} 39. Rf1 {[%emt 0:02:18]} Rf7 {[%emt 0:01:34]} 40. Qd5 {[%emt 0:00:19]} 1-0